Statistics for NHL Defenseman of the Year

Click here to take the quiz!

General Stats

  • This quiz has been taken 43 times
    (27 since last reset)
  • The average score is 43 of 66

Answer Stats

YearTeamPlayer% Correct
2012SenatorsErik Karlsson
100%
2015SenatorsErik Karlsson
100%
2020PredatorsRoman Josi
100%
2018LightningVictor Hedman
100%
2013CanadiensP.K. Subban
96%
2017SharksBrent Burns
92%
1985OilersPaul Coffey
92%
1995Red WingsPaul Coffey
92%
1986OilersPaul Coffey
92%
2009BruinsZdeno Chára
92%
2016KingsDrew Doughty
88%
1975BruinsBobby Orr
84%
1969BruinsBobby Orr
84%
1974BruinsBobby Orr
84%
1973BruinsBobby Orr
84%
1972BruinsBobby Orr
84%
1971BruinsBobby Orr
84%
1970BruinsBobby Orr
84%
1968BruinsBobby Orr
84%
2010BlackhawksDuncan Keith
84%
2014BlackhawksDuncan Keith
84%
2001Red WingsNicklas Lidström
84%
2002Red WingsNicklas Lidström
84%
2003Red WingsNicklas Lidström
84%
2006Red WingsNicklas Lidström
84%
2007Red WingsNicklas Lidström
84%
2008Red WingsNicklas Lidström
84%
2011Red WingsNicklas Lidström
84%
2000BluesChris Pronger
80%
2019FlamesMark Giordano
76%
2004DevilsScott Niedermayer
76%
1997RangersBrian Leetch
72%
1992RangersBrian Leetch
72%
1978IslandersDenis Potvin
72%
1976IslandersDenis Potvin
72%
1979IslandersDenis Potvin
72%
1987BruinsRay Bourque
72%
1988BruinsRay Bourque
72%
1991BruinsRay Bourque
72%
1990BruinsRay Bourque
72%
1994BruinsRay Bourque
72%
1999BluesAl MacInnis
68%
1998KingsRob Blake
64%
1989CanadiensChris Chelios
52%
1993BlackhawksChris Chelios
52%
1996BlackhawksChris Chelios
52%
1980CanadiensLarry Robinson
48%
1977CanadiensLarry Robinson
48%
1960CanadiensDoug Harvey
36%
1958CanadiensDoug Harvey
36%
1956CanadiensDoug Harvey
36%
1957CanadiensDoug Harvey
36%
1962RangersDoug Harvey
36%
1955CanadiensDoug Harvey
36%
1961CanadiensDoug Harvey
36%
1982Black HawksDoug Wilson
32%
1954Red WingsRed Kelly
32%
1963Black HawksPierre Pilote
28%
1964Black HawksPierre Pilote
28%
1965Black HawksPierre Pilote
28%
1983CapitalsRod Langway
28%
1984CapitalsRod Langway
28%
1981PenguinsRandy Carlyle
24%
1966CanadiensJacques Laperrière
16%
1967RangersHarry Howell
12%
1959CanadiensTom Johnson
8%

Score Distribution

Percentile by Number Answered

Percent of People with Each Score

Your Score History

You have not taken this quiz since the last reset